000 01051nam a2200193 i 4500
001 128676
003 ES-MaACL
005 20230906193336.0
007 t|
008 070523s1921 fr ||||1| fre d
100 1 _aTassy, Edme.
_9109376
245 1 4 _aLes ressources du travail intellectuel en France /
_cpar Edme Tassy et Pierre Léris ; avec une préface de M. le Général Sebert.
260 _aParís :
_bGauthier-Villars et Cie.,
_c1921.
300 _aXXI, 711 p. ;
_c23 cm.
505 8 _aContiene: Renseignements généraux. - Sociétés savantes. - Associations professionnelles. - Encouragements et aides financiers. - Créations diverses pour le perfectionnement des études et pour l'expansion intellectuelle. - Services et établissements scientifiques spéciaux. - Périodiques spéciaux. - Bibliothèques et dépôts d'archives. - Bibliothèques circulantes, d'échange, de prêt. - Indications bibliographiques
651 4 _aFrancia-
_xVida intelectual.
_9157372
700 1 _aLéris, Pierre.
_971774
852 _aES-MaACL
_jE-13082
999 _c128676
_d128676